Bibliografía hidrogeológica de la República Mexicana, (Record no. 30135)

MARC details
000 -LEADER
fixed length control field 01021cam a22002771 4500
001 - CONTROL NUMBER
control field gs 65000425
003 - CONTROL NUMBER IDENTIFIER
control field DLC
005 - DATE AND TIME OF LATEST TRANSACTION
control field 20260227111418.0
008 - FIXED-LENGTH DATA ELEMENTS--GENERAL INFORMATION
fixed length control field 750709s1961 xx 000 0 spa
010 ## - LIBRARY OF CONGRESS CONTROL NUMBER
LC control number gs 65000425
035 ## - SYSTEM CONTROL NUMBER
System control number (OCoLC)1438196
040 ## - CATALOGING SOURCE
Original cataloging agency DLC
Transcribing agency FU
Modifying agency OCoLC
-- DLC
042 ## - AUTHENTICATION CODE
Authentication code premarc
043 ## - GEOGRAPHIC AREA CODE
Geographic area code n-mx---
050 00 - LIBRARY OF CONGRESS CALL NUMBER
Classification number QE201
Item number .M4 t. 17
100 2# - MAIN ENTRY--PERSONAL NAME
Personal name Blásquez Lopez, Luis,
Dates associated with a name 1900-
245 10 - TITLE STATEMENT
Title Bibliografía hidrogeológica de la República Mexicana,
Statement of responsibility, etc. recopilada por Luis Blásquez L. y Alfredo Löehnberg.
260 ## - PUBLICATION, DISTRIBUTION, ETC.
Place of publication, distribution, etc. México,
Date of publication, distribution, etc. 1961.
300 ## - PHYSICAL DESCRIPTION
Extent 101 p.
Dimensions 23cm.
490 1# - SERIES STATEMENT
Series statement Universidad Nacional Autónoma de México. Instituto de Geologia. Anales del Instituto de Geología,
Volume/sequential designation t. 17
650 #0 - SUBJECT ADDED ENTRY--TOPICAL TERM
Topical term or geographic name entry element Water-supply
Geographic subdivision Mexico
Form subdivision Bibliography.
650 #0 - SUBJECT ADDED ENTRY--TOPICAL TERM
Topical term or geographic name entry element Groundwater
Geographic subdivision Mexico
Form subdivision Bibliography.
650 #0 - SUBJECT ADDED ENTRY--TOPICAL TERM
Topical term or geographic name entry element Geology
Geographic subdivision Mexico
Form subdivision Bibliography.
700 1# - ADDED ENTRY--PERSONAL NAME
Personal name Löehnberg, Alfred,
Relator term joint author.
810 2# - SERIES ADDED ENTRY--CORPORATE NAME
Corporate name or jurisdiction name as entry element Universidad Nacional Autónoma de México.
Subordinate unit Instituto de Geología.
Title of a work Anales ;
Volume/sequential designation t. 17.

No items available.

Powered by Koha